Cómo enseñar a hacer cosas con las palabras: teoría y práctica de la educación linguística
में बचाया:
| मुख्य लेखक: | |
|---|---|
| स्वरूप: | पुस्तक |
| भाषा: | स्पेनिश |
| प्रकाशित: |
Barcelona
Paidós
1999
|
| संस्करण: | 2a. ed |
| श्रृंखला: | Colección Papeles de Pedagogía, 39
|
| विषय: | |
| टैग: |
टैग जोड़ें
कोई टैग नहीं, इस रिकॉर्ड को टैग करने वाले पहले व्यक्ति बनें!
|
MARC
| LEADER | 00000nam a2200000 a 4500 | ||
|---|---|---|---|
| 001 | UCM9054 | ||
| 003 | CL-VaPUC | ||
| 008 | 030411e19990000SP |||||||||||||||||spa|d | ||
| 082 | 0 | 4 | |a 372.6 |b LOM |2 21 |
| 100 | |a Lomas García, Carlos |e autor |9 589409 | ||
| 245 | 1 | 0 | |a Cómo enseñar a hacer cosas con las palabras: teoría y práctica de la educación linguística |
| 250 | |a 2a. ed | ||
| 300 | |a v | ||
| 942 | |c BK | ||
| 945 | |d 20030411 00:00:00 |a vberengu | ||
| 260 | |a Barcelona |b Paidós |c 1999 | ||
| 650 | 7 | |a LINGUISTICA - ENSEÑANZA |2 CL-VaPUC |9 316738 | |
| 650 | 0 | |a Enseñanza del lenguaje |9 373325 | |
| 650 | 7 | |a LENGUAJE Y EDUCACION |2 CL-VaPUC |9 263717 | |
| 583 | |a last modification |c 20150708 09:47:44 |k Rodrigo Vera | ||
| 490 | 0 | |a Colección Papeles de Pedagogía, 39 | |
| 999 | |c 303435 |d 303433 | ||
| 952 | |0 0 |1 0 |4 0 |6 372_600000000000000_LOM_1999 |7 0 |8 A |9 364727 |a BIBEDU |b BIBEDU |c ES_NOD |d 2019-11-21 |h v.2 |i 3887286 |o 372.6 LOM 1999 |p 3887286 |r 2023-08-09 |w 2019-11-21 |y BK |k LIT | ||